000 01559nam a2200337 c 4500
999 _c188413
_d188413
003 BLK
005 20241121104227.0
008 180411b bul|||||r ||||||| ||bul||
010 _aKNG00197431000
040 _aBLK
041 _aBUL
_cBUL
080 _aНемска литература
_b821.112.2
_x-32
_z821.112.2-32
100 1 _aХесе, Херман
_eпърви автор
_9366442
139 _aХесе, Херман
_bХ 45
245 1 0 _aПътуване към Изтока
_b[Сборник]
_cХерман Хесе; прев. от нем. Недялка Попова, Любомир Илиев; състав. и послесл. Недялка Попова.
257 _aDEU
260 _aСофия
_bНар. култура
_c1990
300 _a591 с.
_c20 см
380 _aX
500 _aПрев. е направен от Die Morgeniandfahrt ; Die nurnberger Reise ; Kurgast ; Iris ; Lulu ; Der Steppenwolf ; Siddhartha / Hermann Hesse. - Без тир. - Съдържа новели, повест, приказка, роман
700 1 _aПопова, Недялка
_eпрев. от нем.
_9365795
700 1 _aИлиев, Любомир
_eпрев. от нем.
_9368762
700 1 _aПопова, Недялка
_eсъстав. и послесл.
_9365795
852 _aЦб 162580
856 4 _qpdf
_i0.00
_ldisable
856 4 _qpdf
_i0.00
_ldisable
942 _cKNG
_n0
_05
_s1
944 _aCR
_c05.12.2016
_k30531
_lЦветелина Шанова
944 _aED
_c05.12.2016
_kВаля_Йорданова
999 _d188413